000 00728nam a2200241Ia 4500
003 OSt
005 20220925220607.0
006 a|||||r|||| 00| 0
007 ta
008 220923b |||||||| |||| 00| 0 eng d
037 _cGeneral Book
040 _aRTL
_cRTL
_beng
041 _2eng
_aeng
082 _aY7933KP, F7
100 _aLandtman Gunnar
_9170333
245 0 _aKiwai Papuans of British New Guinea
_b A nature-born
260 _aLondon
_bMacmillan
_c1927
300 _axxxix, 485p
_ccm.
490 _aLandmarks in Anthropology, a Series of Reprints in Cultural Anthropology
650 _aRed Indians
942 _hY7933KP, F7
_cGB
_2CC
999 _c571856
_d571856